000 00550nam a2200181Ia 4500
003 IN-BaIIA
008 211028s9999 xx 000 0 eng d
040 _cIIA Library
080 _a53(03)
_bENC-L
245 0 _aEncyclopedia of physics
_bvol. L
_cedited by S. Flugee
260 _aBerlin
_bSpringer-Verlag
_c1958
300 _avii, 458p.
650 _aAstronomy and Astrophysics Thesaurus
650 _aAstrophysics
_9794
650 _aStellar Structure
700 _aFlugge, S., ed.
_93091
942 _cBK
999 _c2096
_d2096